NBA Most Recent All-NBA First Team Player Per Team - Statistics

General Stats
  • This quiz has been taken 662 times
    141 since last reset
  • The average score is 26 of 28
Answer Stats
Team Year Player % Correct
Bucks 2025 Giannis Antetokounmpo
100%
76ers 2023 Joel Embiid
100%
Mavericks 2024 Luka Dončić
100%
Thunder 2025 Shai Gilgeous-Alexander
100%
Lakers 2020 Anthony Davis
99%
Pelicans 2018 Anthony Davis
99%
Trail Blazers 2018 Damian Lillard
99%
Celtics 2025 Jayson Tatum
99%
Clippers 2021 Kawhi Leonard
99%
Spurs 2017 Kawhi Leonard
99%
Lakers 2020 LeBron James
99%
Heat 2014 LeBron James
99%
Nuggets 2025 Nikola Jokić
99%
Warriors 2021 Stephen Curry
99%
Suns 2022 Devin Booker
98%
Cavaliers 2025 Donovan Mitchell
98%
Rockets 2020 James Harden
98%
Timberwolves 2004 Kevin Garnett
96%
Jazz 1999 Karl Malone
95%
Magic 2012 Dwight Howard
93%
Grizzlies 2015 Marc Gasol
93%
Knicks 1990 Patrick Ewing
93%
Nets 2004 Jason Kidd
87%
Hawks 1986 Dominique Wilkins
86%
Bulls 2014 Joakim Noah
83%
Kings 2001 Chris Webber
74%
Pistons 1997 Grant Hill
56%
Wizards 1979 Elvin Hayes
54%
No matching quizzes found
Score Distribution
Percent of People with Each Score
Percentile by Number Answered
Your Score History
You have not taken this quiz since the last reset